| 000 | 00576nam a2200193Ia 4500 | ||
|---|---|---|---|
| 008 | 140321s9999 xx 000 0 und d | ||
| 020 | _a9788120311800 | ||
| 050 |
_aHF 5679 _b.P123 2013 |
||
| 100 | _aPadhi, S. N. | ||
| 245 |
_aSAP ERP financials quick reference guide : _bSAP ECC 6.0 / _cS. N. Padhi. |
||
| 260 |
_aNew Delhi : _b Mercury Learning and Information, _cc2013. |
||
| 300 |
_a504 p. : _bill. ; _c23 cm. |
||
| 500 | _aIncludes index. | ||
| 521 | _aBSBA | ||
| 650 |
_aAccounting _xComputer programs. |
||
| 650 | _aSAP ERP. | ||
| 942 |
_kFOR _cBK |
||
| 999 |
_c48538 _d48538 |
||